[Event "FRA-ch U12 Girls"]
[Site "Belfort"]
[Date "2017.04.23"]
[Round "9.2"]
[White "Bellahcene, Sofia"]
[Black "Amr Tardif, Corail"]
[Result "1-0"]
[WhiteElo "1699"]
[BlackElo "1474"]
[PlyCount "87"]
[EventDate "2017.04.16"]
[EventType "swiss"]
[EventRounds "9"]
[EventCountry "FRA"]
[SourceTitle "EXT 2019"]
[Source "ChessBase"]
[SourceDate "2018.10.10"]
[SourceVersion "1"]
[SourceVersionDate "2018.10.10"]
[SourceQuality "1"]

1. e4 c5 2. Nf3 d6 3. d4 cxd4 4. Nxd4 Nf6 5. Nc3 g6 6. g3 Bg7 7. Bg2 0-0 8. h3 Nc6 9. Nde2 Bd7 10. 0-0 Rc8 11. Be3 b6 12. Qd2 Ne5 13. b3 Bc6 14. Bh6 Qc7 15. Bxg7 Kxg7 16. Nd4 Rfd8 17. Nd5 Nxd5 18. exd5 Bb7 19. Rfe1 Re8 20. h4 Qc3 21. Rad1 Qxd2 22. Rxd2 Rc5 23. c4 a6 24. Bh3 b5 25. f4 Nxc4 26. bxc4 bxc4 27. Bd7 Rd8 28. Rxe7 Kf8 29. Rde2 Rc7 30. Re8+ Rxe8 31. Rxe8+ Kg7 32. Bc6 Bxc6 33. dxc6 Kh6 34. Rd8 Re7 35. Kf2 c3 36. Rxd6 Re4 37. c7 c2 38. c8Q f5 39. Qxc2 Re8 40. Nxf5+ Kh5 41. Ng7+ Kg4 42. Nxe8 g5 43. Kg2 gxf4 44. Nf6# 1-0